| 000 | 01648cam a2200457 4500 | ||
|---|---|---|---|
| 003 | PE-LiUPU | ||
| 005 | 20250731173412.0 | ||
| 020 | _a0789908980 | ||
| 035 | _a(Sirsi) i9780789908988 | ||
| 035 | _a(Sirsi) 46512 | ||
| 035 | _a(Sirsi) 46512 | ||
| 041 | _aes | ||
| 044 | _aus | ||
| 082 | 0 | 4 |
_a261.26 _bF96 |
| 100 | 1 | _aFumero, Mario E. | |
| 245 | 1 | 4 |
_aLos gálatas del tercer milenio / _cMario E. Fumero. |
| 264 | 1 |
_aMiami : _bUNILIT, _c2000 |
|
| 300 |
_a196 páginas ; _c24 cm. |
||
| 505 | 0 | _aLos gálatas del tercer milenio -- ¿Debemos ser judíos? El origen de su nombre -- El principio de ser escogido -- Nuestras raíces cristianas -- El cisma judeocristiano -- El cristianismo y los símbolos judaicos -- El Shabbat o día de reposo | |
| 526 | _aSEG42 | ||
| 526 | _aSEG41 | ||
| 526 | _aSEG40 | ||
| 526 | _aSEG39 | ||
| 526 | _aP94 | ||
| 526 | _aP87 | ||
| 526 | _aP86 | ||
| 526 | _aP85 | ||
| 526 | _aP77 | ||
| 526 | _aP76 | ||
| 526 | _aP35 | ||
| 650 | 1 | 4 |
_aJudaísmo _xRelaciones _xCristianismo |
| 650 | 1 | 4 |
_aCristianismo _xRelaciones _xJudaísmo |
| 650 | 2 | 4 |
_aCristianismo y otras religiones. _91630 |
| 942 |
_2ddc _cBOOK |
||
| 949 |
_a261.26 F96 _i64074 _lCCODEBUL1 _mBUL _tLIBRO _o.STAFF. Colección General |
||
| 859 |
_q64074 _h261.26 _iF96 |
||
| 910 |
_agl _bjv _cng _d20111128 |
||
| 596 | _a1 | ||
| 999 |
_a261.26 F96 _wDEWEY _c52916 _i64074 _f2021-11-10 _g5 _lCCODEBUL1 _mBUL _p14.00 _r0 _sY _tBOOK _u2015-7-6 _xTEOLOGIA _PP35 _0COMPRA _o.STAFF. Colección General _d52916 |
||
| 980 |
_81 _gALBERTO SANCHEZ Responsable de Automatización |
||